ბათუმის შოთა რუსთაველის სახელმწიფო უნივერსიტეტის ბიბლიოთეკა

Сворник задач по математике. (ბიბ.ჩანაწერი № 47930)

000 -LEADER
fixed length control field 00660nam a2200205Ia 4500
001 - CONTROL NUMBER
control field 14807
003 - CONTROL NUMBER IDENTIFIER
control field GE_BSU
008 - FIXED-LENGTH DATA ELEMENTS--GENERAL INFORMATION
fixed length control field 181216s||||||||xx |||||||||||||| ||und||
040 ## - CATALOGING SOURCE
Transcribing agency GE_BSU
080 ## - UNIVERSAL DECIMAL CLASSIFICATION NUMBER
Universal Decimal Classification number 51(075.32)
100 ## - MAIN ENTRY--PERSONAL NAME
Personal name Апанасов, П.Т., Орлов, М. И.
245 ## - TITLE STATEMENT
Title Сворник задач по математике.
245 ## - TITLE STATEMENT
Remainder of title Учебное пособие для учащихся сред. спец. учеб. заведений.
260 ## - PUBLICATION, DISTRIBUTION, ETC.
Place of publication, distribution, etc. Москва
260 ## - PUBLICATION, DISTRIBUTION, ETC.
Name of publisher, distributor, etc. Высшая школа.
260 ## - PUBLICATION, DISTRIBUTION, ETC.
Date of publication, distribution, etc. 1987.
300 ## - PHYSICAL DESCRIPTION
Extent 303стр.22см.
653 ## - INDEX TERM--UNCONTROLLED
Uncontrolled term Сворник задач по математике.
942 ## - ADDED ENTRY ELEMENTS (KOHA)
Koha item type წიგნი
ეგზემპლარები
Withdrawn status Lost status Damaged status Not for loan Date acquired Barcode Date last seen Price effective from Koha item type
        2018-12-17 15081 2018-12-17 2018-12-17 წიგნი